000 00421nam a2200133 a 4500
001 000035755
005 20200930074603.0
008 111110s2011 dr 000 0 spa d
040 _aDO-SdBNP
_bspa
_cBNPHU
082 _axxxx
_bP969
245 0 0 _aProyecto de ley estrategia nacional de desarrollo de la República Dominicana 2030.
260 _aSanto Domingo :
_bTalleres de Alfa y Omega,
_c2011.
300 _a94 p. ;
_c18 cm.
999 _c35246
_d35246